000
00218 a2200097 4500
001
24088
100
_a
Palmer, W.G
245
_a
Experimental inorganic chemistry
260
_a
_b
Cambridge
_c
1965
090
_c
16288
_d
16288
942
_a
NUST-CAE
_c
M
_c
6989
999
_c
259161
_d
259161